Impact of entrepreneurial skill and competency on business performance: a quantitative study on farm tourism in Birbhum District in West Bengal (Record no. 532767)

000 -LEADER
fixed length control field 00460nam a22001097a 4500
008 - FIXED-LENGTH DATA ELEMENTS--GENERAL INFORMATION
fixed length control field 260311b ||||| |||| 00| 0 eng d
100 ## - MAIN ENTRY--PERSONAL NAME
Personal name Baksi, Arup Kumar and Sanyal, Subhashree
245 ## - TITLE STATEMENT
Title Impact of entrepreneurial skill and competency on business performance: a quantitative study on farm tourism in Birbhum District in West Bengal
260 ## - PUBLICATION, DISTRIBUTION, ETC. (IMPRINT)
Place of publication, distribution, etc Madhya Pradesh Journal of Social Sciences
300 ## - PHYSICAL DESCRIPTION
Extent 29(1), Jun, 2024: p.145-159
942 ## - ADDED ENTRY ELEMENTS (KOHA)
Item type Articles
Holdings
Withdrawn status Lost status Source of classification or shelving scheme Damaged status Not for loan Permanent location Current location Date acquired Serial Enumeration / chronology Barcode Date last seen Koha item type
          Indian Institute of Public Administration Indian Institute of Public Administration 2026-03-11 29(1), Jun, 2024: p.145-159 AR138287 2026-03-11 Articles

Powered by Koha